Statistics for Important childhood toys for a 2000s kid UK

Click here to take the quiz!

General Stats

  • This quiz has been taken 53 times
  • The average score is 6 of 7

Answer Stats

HintAnswer% Correct
B - By Mattel, it's a doll. In recent years it's diversified from the stereotypical long blonde hair and thin doll.Barbie
98%
L - A Danish brand, you can build whatever you wantLego
98%
C - A brand of creativity, known for making crayons, markers, and all sorts of craft suppliesCrayola
90%
P - Lots of pieces fit together to make the bigger picturePuzzle
88%
T - Very huggable, very diverse, traditionally a bearTeddy
88%
P - Kids modelling clay in a variety of coloursPlaydoh
84%
C - This is a toy version of a vehicle. Which vehicle?Cars
41%

Score Distribution

Percentile by Number Answered

Percent of People with Each Score

Your Score History

You have not taken this quiz